000 01217cam a22002415a 4500
001 L159901
008 121204s xxk f 000 0 eng d
035 _a(Sirsi) u159901
041 0 _aeng
110 2 _aLloyd's Register
_96198
245 0 0 _aBuildoffsite Property Assurance Scheme (BOPAS)
_h[electronic resource]
520 _aEvaluates and facilitates the adoption of best practice by manufacturers and constructors in key performance areas such as risk management, competency management, configuration management, procurement management and process control at each stage of project development, through concept, design, manufacture and construction. It provides assurance to the lending community that innovatively constructed properties against which they may be lending, will deliver a consistent performance over a determined durability of 60 years.
650 2 4 _aMODULAR CONSTRUCTION
650 2 4 _aOFFSITE FABRICATION
651 4 _aUnited Kingdom
_y1973-
690 _aOFF-SITE CONSTRUCTION
690 _aBUILT ENVIRONMENT
710 2 _aRICS
710 2 _aBuildoffsite.com
_96089
710 _aBLP Insurance
_96199
856 4 1 _uhttps://www.bopas.org
_zView the website at www.bopas.org
942 _n0
999 _c121055
_d121055